00459nam a2200145Ia 4500003000900000008004100009040001600050080001300066100002100079245011700100260005200217300001000269650001700279650001700296IN-BaIIA211028s9999 xx 000 0 eng d cIIA Library a523bCAM aCameron, A. G. W 0aPhysics of the solar systembbased on a course of lectures given at Yale University, 1963-1964cA. G. W. Cameron aConnecticut, U.S.AbYale University Pressc1964 a490p. aAstrophysics aSolar system